| 000 | 00511nam a2200121Ia 4500 | ||
|---|---|---|---|
| 008 | 171212s9999 xx 000 0 und d | ||
| 020 | _a9780833085887 | ||
| 100 | _aDavis, Lynn E.;McNerney, Michael J.;Chow, James S.;Hamilton, Thomas;Harting, Sarah | ||
| 245 |
_cDavis, Lynn E.;McNerney, Michael J.;Chow, James S.;Hamilton, Thomas;Harting, Sarah _aArmed and Dangerous? _bUAVs and U.S. Security |
||
| 260 |
_bRAND Corporation _c2014 |
||
| 650 | _aHistory | ||
| 856 | _uhttp://www.jstor.org/stable/10.7249/j.ctt6wq880 | ||
| 999 |
_c351746 _d351746 |
||